LEADER 01309nam 2200409 450 001 9910480876103321 010 $a1-4704-4206-X 035 $a(CKB)4340000000245807 035 $a(MiAaPQ)EBC5291691 035 $a(PPN)22444820X 035 $a(EXLCZ)994340000000245807 100 $a20180311h20172017 uy 0 101 0 $aeng 135 $aurcnu|||||||| 181 $2rdacontent 182 $2rdamedia 183 $2rdacarrier 200 10$aKnot invariants and higher representation theory /$fBen Webster 210 1$aProvidence, Rhode Island :$cAmerican Mathematical Society,$d2017. 210 4$d©2017 215 $a1 online resource (154 pages) 225 1 $aMemoirs of the American Mathematical Society,$x1947-6221 ;$vVolume 250, Number 1191 311 $a1-4704-2650-1 320 $aIncludes bibliographical references. 410 0$aMemoirs of the American Mathematical Society ;$vVolume 250, Number 1191. 606 $aKnot theory 608 $aElectronic books. 615 0$aKnot theory. 676 $a514.2242 700 $aWebster$b Ben$g(Benjamin Thomas),$0933828 801 0$bMiAaPQ 801 1$bMiAaPQ 801 2$bMiAaPQ 906 $aBOOK 912 $a9910480876103321 996 $aKnot invariants and higher representation theory$92102424 997 $aUNINA LEADER 01873nas 2200421 n 450 001 990009056710403321 005 20240229084311.0 011 $a0148-5717 035 $a000905671 035 $aFED01000905671 035 $a(Aleph)000905671FED01 035 $a000905671 091 $2CNR$aP 00023119 100 $a20090724a19779999km-y0itaa50------ba 101 0 $aeng 102 $aUS 110 $aauu-------- 200 1 $aSexually transmitted diseases 207 1$a1977- 210 $aPhiladelphia$cJ.B. Lippincott Co. 452 0$12001$aSexually transmitted diseases (Online) 530 0 $aSexually transmitted diseases 675 $a616.97 676 $a616.951 005 712 02$aAmerican Venereal Disease Association 712 02$aAmerican Sexually Transmitted Diseases Association 712 02$aInternational Union against Sexually Transmitted Infections 712 02$aScandinavian Society for Genito-urinary Medicine 801 0$aIT$bACNP$c20090723 859 4 $uhttp://acnp.cib.unibo.it/cgi-ser/start/it/cnr/dc-p1.tcl?catno=14400&person=false&language=ITALIANO&libr=&libr_th=unina1$zBiblioteche che possiedono il periodico 901 $aSE 912 $a990009056710403321 958 $aBiblioteca. Dipartimento di Patologia sistematica. Sezione di Dermatologia. Universitą degli studi di Napoli Federico II$b1979-1981;1984-$fDMDER 959 $aDMDER 996 $aSexually transmitted diseases$9775043 997 $aUNINA AP1 8 $6866-01$aNA181 Biblioteca. Dipartimento di Patologia sistematica. Sezione di Dermatologia. Universitą degli studi di Napoli Federico II$ev. Pansini,5, 80131 Napoli (NA)$m(081) 7462412$m(081) 7462442$nit AP2 40$aacnp.cib.unibo.it$nACNP Italian Union Catalogue of Serials$uhttp://acnp.cib.unibo.it/cgi-ser/start/it/cnr/df-p.tcl?catno=14400&language=ITALIANO&libr=&person=&B=1&libr_th=unina&proposto=NO